Shared tables : (Record no. 151821)

MARC details
000 -LEADER
fixed length control field 00575nam a22001817a 4500
005 - DATE AND TIME OF LATEST TRANSACTION
control field 20180502115223.0
010 ## - LCCN (DPL NO)
LC control number ENG-122848
020 ## - INTERNATIONAL STANDARD BOOK NUMBER
International Standard Book Number 9789386338976
Terms of availability 450.00
035 ## - SYSTEM CONTROL NUMBER
System control number EN-106380
037 ## - SOURCE OF ACQUISITION
Source of stock number/acquisition DBAD/PUB
082 ## - DEWEY DECIMAL CLASSIFICATION NUMBER
Classification number 641.5092
100 ## - MAIN ENTRY--PERSONAL NAME
Personal name Marathe, Kaumudi
245 ## - TITLE STATEMENT
Title Shared tables :
Statement of responsibility, etc by Kaumudi Marathe
Remainder of title family stories and recipes from poona to LA /
260 ## - PUBLICATION, DISTRIBUTION, ETC. (IMPRINT)
Place of publication, distribution, etc New Delhi
Name of publisher, distributor, etc Speaking Tiger
Date of publication, distribution, etc 2017
270 ## - ADDRESS
Address 4381/4, Ansari Road, Daryaganj,
City New Delhi
Postal code 110002
300 ## - PHYSICAL DESCRIPTION
Extent 302p.
Dimensions 22cm(pbk)
Other physical details ill.
942 ## - ADDED ENTRY ELEMENTS (KOHA)
Source of classification or shelving scheme Dewey Decimal Classification
Item type English Books
Call number suffix MAR
Classification part 641.5092
Holdings
Withdrawn status Lost status Not for loan Collection code Home library Current library Date acquired Source of acquisition Cost, normal purchase price Full call number Barcode Copy number Cost, replacement price Koha item type
    Not For Loan Non-fiction D.B.Act.Division Patel Nagar 02/05/2018 DBAD/PUB 450.00 641.5092 MAR EN-106380 1 450.00 English Books

© Delhi Public Library
Hit Counter
free hit counter